Logo

Description automatically generated
विद्यार्जन
 संसाधन केंद्र, भारतीय प्रौद्योगिकी संस्थान इन्दौर
Learning Resource Center, Indian Institute of Technology Indore

ऑनलाइन सार्वजनिक अभिगम प्रसूची
Online Public Access Catalogue (OPAC)

Literature and geography : the writing of space throughout history (Record no. 57305)

MARC details
000 -LEADER
fixed length control field 00672nam a2200217Ia 4500
005 - DATE AND TIME OF LATEST TRANSACTION
control field 20260629163254.0
008 - FIXED-LENGTH DATA ELEMENTS--GENERAL INFORMATION
fixed length control field 260629s9999||||xx |||||||||||||| ||und||
020 ## - INTERNATIONAL STANDARD BOOK NUMBER
International Standard Book Number 1443885487
Qualifying information hb
020 ## - INTERNATIONAL STANDARD BOOK NUMBER
International Standard Book Number 9781443885485
Qualifying information hb
082 ## - DEWEY DECIMAL CLASSIFICATION NUMBER
Classification number 809.9332
Item number PER
100 ## - MAIN ENTRY--PERSONAL NAME
Personal name Peraldo, Emmanuelle [ed.]
245 #0 - TITLE STATEMENT
Title Literature and geography : the writing of space throughout history
260 ## - PUBLICATION, DISTRIBUTION, ETC.
Place of publication, distribution, etc. Newcastle upon Tyne
Name of publisher, distributor, etc. Cambridge Scholars Publishing
Date of publication, distribution, etc. 2016
300 ## - PHYSICAL DESCRIPTION
Extent ix, 481p. ; 21cm.
653 ## - INDEX TERM--UNCONTROLLED
Uncontrolled term Geocriticism
653 ## - INDEX TERM--UNCONTROLLED
Uncontrolled term Geography in literature
653 ## - INDEX TERM--UNCONTROLLED
Uncontrolled term Human geography
653 ## - INDEX TERM--UNCONTROLLED
Uncontrolled term Literature—History and criticism
653 ## - INDEX TERM--UNCONTROLLED
Uncontrolled term Space in literature
942 ## - ADDED ENTRY ELEMENTS (KOHA)
Koha item type Book
Holdings
Withdrawn status Lost status Damaged status Not for loan Home library Current library Shelving location Date acquired Source of acquisition Total Checkouts Full call number Barcode Date last seen Price effective from Koha item type
        LRC, IIT Indore LRC, IIT Indore 2nd Floor - General Stack 29/06/2026 Gratis Book Price: USD 98.95   809.9332 PER G2530 29/06/2026 29/06/2026 Book
Copyright © 2017-2026 Indian Institute of Technology Indore. All Rights Reserved.
Managed & maintained by Learning Resource Center, IIT Indore